Manticora.

Bibliographic Details
Format: Journal
Language:French
Published: Bordeux [France] : Patrick Marcel, 1989-
Subjects:

MARC

Tag First Indicator Second Indicator Subfields
LEADER 00000cas a2200000Ia 4500
001 in00004751221
008 920826c19899999fr qr p 0 a0fre d
005 20231102210700.2
035 |a (OCoLC)ocm26486235 
040 |a CRU  |b eng  |c CRU  |d SLU  |d OCLCQ  |d OCLCF  |d OCLCO  |d OCLCQ  |d OCLCO 
035 |a (OCoLC)26486235 
050 4 |a PZ1.A2  |b M363 
245 0 0 |a Manticora. 
260 |a Bordeux [France] :  |b Patrick Marcel,  |c 1989- 
300 |a volumes :  |b illustrations ;  |c 216 cm 
310 |a Quarterly 
336 |a text  |b txt  |2 rdacontent 
337 |a unmediated  |b n  |2 rdamedia 
338 |a volume  |b nc  |2 rdacarrier 
362 0 |a No. 1 (1989)- 
500 |a No. 9 is also Yellow submarine no. 86. 
588 0 |a No 9 (Oct./Nov. 1991). 
500 |a The Cushing Library/Science Fiction copy was donated by Steve Rasnic Tem. 
650 0 |a Fan magazines. 
650 6 |a Fanzines. 
650 7 |a Fan magazines.  |2 fast  |0 (OCoLC)fst01728966 
730 0 |a Yellow submarine. 
994 |a Z0  |b TXA 
948 |h NO HOLDINGS IN TXA - 1 OTHER HOLDINGS 
999 f f |s a69e85a7-89f2-4c06-ab4e-cf14af7e95df  |i 0bcb7b93-420f-492d-a26f-24234d028e07  |t 0 
952 f f |a Texas A&M University  |b College Station  |c Cushing Memorial Library & Archives  |d Cushing: Science Fiction (Does not check out)  |e PZ1.A2 M363  |f Vertical File  |h Library of Congress classification  |i unmediated -- volume  |k no.2  |l 1989:May  |m A14852925328  |p noncirc  |t 0 
998 f f |a PZ1.A2 M363  |s no.2 (1989:May)  |t 0  |l Cushing: Science Fiction (Does not check out)